000 00271nam a22001097a 4500
008 170124b xxu||||| |||| 00| 0 eng d
020 _a9781930598980
041 _aeng
080 _a618.2
245 _aCLINICIAN'S GUIDE TO LABORATORY MEDICINE
_cDESAI, S.P
942 _2udc
_cBK
999 _c3446
_d3446